CCNA Acronyms 16 - Statistics

General Stats
  • This quiz has been taken 3 times
  • The average score is 8 of 30
Answer Stats
Hint Answer % Correct
STP Spanning Tree Protocol
100%
TTL Time to live
100%
TCO Total cost of ownership
100%
USB Universal Serial Bus
100%
UTP Unshielded twisted-pair
100%
V Volt
100%
UDP User Datagram Protocol
67%
v9 Version 9
67%
URI Uniform Resource Identifier
33%
SVC Switched virtual circuit
0%
TKIP Temporal Key Integrity Protocol
0%
TDMA Time division multiple access
0%
TDM Time-division multiplexing
0%
TLV Type, length, value
0%
ToS Type of service
0%
UAC UA client
0%
UAS UA server
0%
uRPF Unicast Reverse Path Forwarding
0%
UDLD Unidirectional Link Detection
0%
UWN Unified Wireless Network
0%
uBR Universal Broadband Router
0%
U/L Universal/Local
0%
UMTS Universal Mobile Telephone Service
0%
UNII Unlicensed National Information Infrastructure
0%
UA User agent
0%
VIP Versatile Interface Processor
0%
VDSL Very-high-data-rate DSL
0%
VACM View-based Access Control Model
0%
VC Virtual circuit
0%
VAD Voice activity detection
0%
No matching quizzes found
Score Distribution
Percent of People with Each Score
Percentile by Number Answered
Your Score History
You have not taken this quiz